Developments in appraising the total performance of buildings (Record no. 49911)

MARC details
000 -LEADER
fixed length control field 01015cab a2200289 4500
001 - CONTROL NUMBER
control field ABS52457
008 - FIXED-LENGTH DATA ELEMENTS--GENERAL INFORMATION
fixed length control field 090401t xxu||||| |||| 00| 0 eng d
035 ## - SYSTEM CONTROL NUMBER
System control number (Sirsi) u79407
041 ## - LANGUAGE CODE
Language code of text/sound track or separate title eng
100 ## - MAIN ENTRY--PERSONAL NAME
Personal name Douglas, J.
245 ## - TITLE STATEMENT
Title Developments in appraising the total performance of buildings
260 ## - PUBLICATION, DISTRIBUTION, ETC.
Date of publication, distribution, etc. 12(6) 1993/4, 10-15(6)
350 ## - PRICE (NR) (BK AM CF MU VM SE) [OBSOLETE]
Price 0
490 ## - SERIES STATEMENT
Series statement Structural Survey
Volume/sequential designation 12(6) 1993/4, 10-15(6)
520 ## - SUMMARY, ETC.
Summary, etc. Develops ideas previously presented to an RICS conference on current and potential methods of evaluating the total performance of buildings in an on-going, dynamic manner.
650 ## - SUBJECT ADDED ENTRY--TOPICAL TERM
Topical term or geographic name entry element BUILDING PERFORMANCE APPRAISALS
650 ## - SUBJECT ADDED ENTRY--TOPICAL TERM
Topical term or geographic name entry element BUILDING PERFORMANCE
650 ## - SUBJECT ADDED ENTRY--TOPICAL TERM
Topical term or geographic name entry element CONDITION SURVEYS
650 ## - SUBJECT ADDED ENTRY--TOPICAL TERM
Topical term or geographic name entry element ENERGY EFFICIENCY
650 ## - SUBJECT ADDED ENTRY--TOPICAL TERM
Topical term or geographic name entry element FACILITIES MANAGEMENT
9 (RLIN) 6240
650 ## - SUBJECT ADDED ENTRY--TOPICAL TERM
Topical term or geographic name entry element PROPERTY EFFICIENCY ASSESSMENT
650 ## - SUBJECT ADDED ENTRY--TOPICAL TERM
Topical term or geographic name entry element TOTAL BUILDING PERFORMANCE
690 ## - LOCAL SUBJECT ADDED ENTRY--TOPICAL TERM (OCLC, RLIN)
Topical term or geographic name as entry element COMMERCIAL PROPERTY-MANAGEMENT
690 ## - LOCAL SUBJECT ADDED ENTRY--TOPICAL TERM (OCLC, RLIN)
Topical term or geographic name as entry element OFFICE SERVICES AND ADMINISTRATION
942 ## - ADDED ENTRY ELEMENTS (KOHA)
Suppress in OPAC 0
948 ## - LOCAL PROCESSING INFORMATION (OCLC); SERIES PART DESIGNATOR (RLIN)
c (OCLC) 04/03/1997
Holdings
Withdrawn status Lost status Source of classification or shelving scheme Damaged status Not for loan Home library Current library Shelving location Date acquired Total Checkouts Full call number Barcode Date last seen Copy number Price effective from Koha item type
    Dewey Decimal Classification     London London Journal article 14/09/1999   ABS52457 79407-1001 06/08/2019 1 06/08/2019 Journal article